Statistics for Country to Capital #3

Click here to take the quiz!

General Stats

  • This quiz has been taken 32 times
  • The average score is 11 of 15

Answer Stats

CountryCapital% Correct
ThailandBangkok
100%
HungaryBudapest
100%
IsraelJerusalem
94%
ChileSantiago
94%
BrazilBrasilia
91%
KenyaNairobi
91%
KazakhstanAstana
78%
ParaguayAsuncion
78%
EstoniaTallinn
78%
GeorgiaTbilisi
69%
BelizeBelmopan
66%
MadagascarAntananarivo
63%
MaliBamako
47%
TuvaluFunafuti
44%
ChadN'Djamena
34%

Score Distribution

Percentile by Number Answered

Percent of People with Each Score

Your Score History

You have not taken this quiz